Geography Quiz

Random Geography or State Quiz

States with Highest/Lowest HDI Quiz Stats

 Plays Quiz not verified by Sporcle

Score 0/20 Timer 02:00
0 Plays Today
Rank In The USA by HDI State % Correct
#6New York
93.3%
#4California
91.9%
#50Mississippi
90.6%
#48Alabama
89.2%
#47Louisiana
80.7%
#1Connecticut
78.9%
#2Massachusetts
78.9%
#8New Hampshire
76.2%
#9Rhode Island
76.2%
#45Arkansas
76.2%
Rank In The USA by HDI State % Correct
#43Kentucky
75.8%
#44Tennessee
75.8%
#7New Jersey
75.3%
#49West Virginia
74.4%
#3Hawai'i
73.1%
#42South Carolina
70.9%
#46Oklahoma
65%
#10Colorado
60.5%
#5Minnesota
59.2%
#41Montana
50.7%

You're not logged in!

Compare scores with friends on all Sporcle quizzes.
OR
Log In

Show Comments

Extras

Created Nov 22, 2010SourceReportNominate
Tags:State Quiz

Top Quizzes Today


Score Distribution

Your Account Isn't Verified!

In order to create a playlist on Sporcle, you need to verify the email address you used during registration. Go to your Sporcle Settings to finish the process.

Report this User

Report this user for behavior that violates our Community Guidelines.

Details: